| 000 | 00811nam a2200217Ia 4500 | ||
|---|---|---|---|
| 003 | GCL | ||
| 008 | 140319s9999 xx 000 0 ara d | ||
| 020 | _a7924509953 | ||
| 040 |
_aGCL / _cGCL |
||
| 082 | 0 | 4 |
_a966.1 _bح م |
| 100 | 1 | _aحماه الله ولد السالم | |
| 245 | 1 | 0 |
_aموريتانيا في الذاكرة العربية / _cحماه الله ولد السالم |
| 250 | _aالاولي | ||
| 260 |
_aبيروت : _bمركز دراسات الوحدة العربية ، _c2005 |
||
| 300 |
_a331 ص ؛ _c24 سم |
||
| 650 | 0 | 4 | _aموريتانيا - تاريخ |
| 650 | 0 | 4 | _aموريتانيا - الاحوال الاجتماعية |
| 650 | 0 | 4 | _aموريتانيا - الاحوال السياسية |
| 650 | 0 | 4 | _aموريتانيا - الاحوال الثقافية |
| 942 |
_2ddc _cBK |
||
| 999 |
_c7517 _d7517 |
||